000 00239nam a2200097Ia 4500
001 1067060
005 20250827001804.0
008 250824s9999 xx 000 0 und d
245 0 _aTÜRKÇE SÖZLÜK
260 _bTÜRK DİL KURUMU YAYINLARI
999 _c1067060
_d1067060